[Event "Hastings Masters 2025-26"]
[Site "Hastings ENG"]
[Date "2025.12.29"]
[Round "3.10"]
[White "Ashton, Adam G"]
[Black "Gordon, Stephen J"]
[Result "0-1"]
[WhiteTitle "FM"]
[BlackTitle "GM"]
[WhiteElo "2247"]
[BlackElo "2465"]
[WhiteFideId "410110"]
[BlackFideId "411477"]
[EventDate "2025.12.28"]

1. e4 c5 2. Nf3 d6 3. Bb5+ Nd7 4. a4 Nf6 5. Nc3 g6 6. a5 Bg7 7. O-O a6 8. Be2 b5
9. axb6 Bb7 10. d3 O-O 11. Qd2 c4 12. Qg5 cxd3 13. cxd3 Qxb6 14. Nd2 Ne5 15. Kh1
e6 16. f4 Nc6 17. Nf3 Rae8 18. Qh4 Nd7 19. Nd1 f5 20. Ne3 Nc5 21. Nc4 Qd8 22.
Qxd8 Rxd8 23. e5 dxe5 24. fxe5 Nb3 25. Ra3 Nbd4 26. Rf2 Nxe2 27. Rxe2 Nb4 28.
Nd6 Bxf3 29. gxf3 Bxe5 30. Rxe5 Rxd6 31. Bh6 Rc8 32. d4 Kf7 0-1

[Event "Hastings Masters 2025-26"]
[Site "Hastings ENG"]
[Date "2025.12.29"]
[Round "3.11"]
[White "Williams, Simon K"]
[Black "Demac, Elias"]
[Result "1-0"]
[WhiteTitle "GM"]
[WhiteElo "2434"]
[BlackElo "2230"]
[WhiteFideId "404454"]
[BlackFideId "1505807"]
[EventDate "2025.12.28"]

1. d4 f5 2. Bf4 Nf6 3. e3 d6 4. h4 e6 5. h5 Be7 6. Nf3 O-O 7. Nbd2 Nc6 8. Bc4
Qe8 9. h6 g6 10. c3 Kh8 11. b4 Bd8 12. Bg3 e5 13. dxe5 dxe5 14. Qe2 e4 15. Nd4
Ne5 16. f3 c6 17. O-O exf3 18. N4xf3 Nfg4 19. Nxe5 Nxe5 20. Ne4 Bc7 21. Ng5 f4
22. exf4 Bg4 23. Qxe5+ Bxe5 24. fxe5 Bf5 25. e6 Qe7 26. Nf7+ Kg8 27. Bd6 Qh4 28.
Rf4 Qg3 29. Rf3 Qg4 30. Ne5 1-0

[Event "Hastings Masters 2025-26"]
[Site "Hastings ENG"]
[Date "2025.12.29"]
[Round "3.12"]
[White "Grutter, Tim"]
[Black "Lau, Lut Yin Luke"]
[Result "1-0"]
[WhiteTitle "IM"]
[BlackTitle "CM"]
[WhiteElo "2397"]
[BlackElo "2243"]
[WhiteFideId "1057472"]
[BlackFideId "6002226"]
[EventDate "2025.12.28"]

1. e4 e5 2. Nf3 Nc6 3. Bb5 a6 4. Ba4 Nf6 5. O-O b5 6. Bb3 Bc5 7. a4 Rb8 8. axb5
axb5 9. Nxe5 Nxe5 10. d4 Bxd4 11. Qxd4 d6 12. f4 Nc6 13. Qd3 O-O 14. Nc3 Nb4 15.
Qd2 Qe7 16. e5 dxe5 17. fxe5 Qxe5 18. Qf2 Nbd5 19. Nxd5 Nxd5 20. Qc5 Be6 21. Bf4
Qh5 22. Bg3 Rbc8 23. Qxb5 c5 24. Rae1 Rfd8 25. Qa5 Qg4 26. c3 h5 27. Bd1 Qg5 28.
Re5 Qd2 29. Re2 Qg5 30. Re5 Qd2 31. Re2 Qg5 32. Qa4 c4 33. Re5 Qd2 34. Re2 Qd3
35. Rfe1 Ra8 36. Qc2 Bf5 37. Qc1 Nf6 38. Bc2 Qd7 39. Re7 Qb5 40. R7e5 Rd5 41.
Bxf5 h4 42. Rxd5 Qxd5 43. Re5 Qd6 44. Re8+ 1-0

[Event "Hastings Masters 2025-26"]
[Site "Hastings ENG"]
[Date "2025.12.29"]
[Round "3.13"]
[White "Dupuis, Denis K"]
[Black "Blanquet, Camille"]
[Result "0-1"]
[BlackTitle "WFM"]
[WhiteElo "2045"]
[BlackElo "2132"]
[WhiteFideId "452980"]
[BlackFideId "36037354"]
[EventDate "2025.12.28"]

1. e4 c5 2. Nc3 Nc6 3. Bb5 Nd4 4. Nf3 e6 5. O-O a6 6. Bd3 Nc6 7. b3 d6 8. Bb2
Nf6 9. Re1 e5 10. h3 Be7 11. a3 O-O 12. Ne2 b5 13. Ng3 g6 14. c3 Rb8 15. Rb1 Na5
16. Bc2 c4 17. b4 Nc6 18. d3 cxd3 19. Bb3 Qe8 20. Qxd3 Nd8 21. Bc1 Kg7 22. Bg5
Ne6 23. Bxf6+ Kxf6 24. Nf1 Nf4 25. Qd2 Kg7 26. Ne3 f5 27. Bc2 Be6 28. exf5 gxf5
29. Nd4 Qd7 30. Nxe6+ Qxe6 31. Kh2 Rbd8 32. g3 Ng6 33. Nd5 e4 34. f4 Bf6 35. Bb3
Qd7 36. c4 Qb7 37. Rbc1 Rd7 38. cxb5 axb5 39. g4 Nh4 40. Bd1 Qa7 41. gxf5 Qxa3
42. Rg1+ Kh6 43. Nxf6 Rxf6 44. Qd4 Rdf7 45. Rc3 Qb2+ 46. Kh1 Nxf5 47. Qxe4 Qxc3
48. Bf3 Qe3 49. Qa8 Qxf4 50. Bd5 Ng3+ 0-1

[Event "Hastings Masters 2025-26"]
[Site "Hastings ENG"]
[Date "2025.12.29"]
[Round "3.14"]
[White "Sivanandan, Bodhana"]
[Black "Kendall, Arthur"]
[Result "1/2-1/2"]
[WhiteTitle "WIM"]
[WhiteElo "2229"]
[BlackElo "2000"]
[WhiteFideId "497592"]
[BlackFideId "343410960"]
[EventDate "2025.12.28"]

1. e4 e6 2. d4 d5 3. Nd2 Nf6 4. e5 Nfd7 5. Bd3 c5 6. c3 Nc6 7. Ne2 cxd4 8. cxd4
f6 9. exf6 Nxf6 10. Nf3 Bd6 11. O-O Qc7 12. Bd2 O-O 13. Ng3 Bd7 14. Rc1 Rae8 15.
Bc3 g6 16. Re1 Ng4 17. Rc2 a6 18. a3 e5 19. dxe5 Ngxe5 20. Nxe5 Bxe5 21. Bf1 d4
22. Bxd4 Bxd4 23. Rxe8 Bxf2+ 24. Rxf2 Bxe8 25. Bc4+ Bf7 26. Qb3 Bxc4 27. Qxc4+
Kg7 28. Qc3+ Qe5 29. Qxe5+ Nxe5 30. Rc2 Rf7 31. Ne4 Re7 32. h3 Nd3 33. Nf2 Re1+
34. Kh2 Nxf2 35. Rxf2 Re3 36. Rd2 Rb3 37. Rf2 g5 38. g4 h6 1/2-1/2

[Event "Hastings Masters 2025-26"]
[Site "Hastings ENG"]
[Date "2025.12.29"]
[Round "3.15"]
[White "Bryant, Harry"]
[Black "Rayner, Francis"]
[Result "1-0"]
[WhiteTitle "CM"]
[WhiteElo "2207"]
[BlackElo "1983"]
[WhiteFideId "489158"]
[BlackFideId "1800132"]
[EventDate "2025.12.28"]

1. e4 c5 2. Nf3 g6 3. d4 cxd4 4. Nxd4 Nf6 5. Nc3 Nc6 6. Be3 Bg7 7. f3 O-O 8. Bc4
Qb6 9. Bb3 Ng4 10. fxg4 Bxd4 11. Nd5 Qa5+ 12. Bd2 Qd8 13. Bh6 Bxb2 14. Bxf8 Qxf8
15. Rb1 Be5 16. O-O Qh6 17. h3 e6 18. Nf6+ Bxf6 19. Rxf6 Qe3+ 20. Kh1 Qxe4 21.
Qd2 d5 22. Rbf1 Nd8 23. c4 Bd7 24. cxd5 Bb5 25. dxe6 Bxf1 26. exf7+ Nxf7 27.
Bxf7+ Kg7 28. Rxf1 Rf8 29. Qb2+ Kh6 30. g5+ Kxg5 31. Qd2+ 1-0

[Event "Hastings Masters 2025-26"]
[Site "Hastings ENG"]
[Date "2025.12.29"]
[Round "3.16"]
[White "Kapechun, Mikhailo"]
[Black "Dewangan, Aayush"]
[Result "1/2-1/2"]
[WhiteElo "2184"]
[BlackElo "1981"]
[WhiteFideId "34147527"]
[BlackFideId "469700"]
[EventDate "2025.12.28"]

1. Nc3 d5 2. d4 Nf6 3. Bf4 Bf5 4. Nf3 e6 5. e3 Bd6 6. Bg5 c6 7. Nh4 Bg6 8. Nxg6
hxg6 9. e4 dxe4 10. Nxe4 Be7 11. Nc3 Nd5 12. Bd2 Bf6 13. Nxd5 Qxd5 14. c3 Nd7
15. Qb3 Qe4+ 16. Be3 Bg5 17. c4 O-O-O 18. O-O-O Bxe3+ 19. Qxe3 Nf6 20. Be2 Qxg2
21. d5 exd5 22. Qxa7 Qg5+ 23. Kb1 Qf4 24. cxd5 Nxd5 25. h3 Rhe8 26. Rhe1 Qb4 27.
Rc1 Kc7 28. a3 Qb6 29. Qxb6+ Kxb6 30. Bc4 Rh8 31. Bxd5 Rxd5 32. Re7 Rf5 33. Rd1
Rxf2 34. Rdd7 Rb8 35. Rxf7 Rxf7 36. Rxf7 Rh8 1/2-1/2

[Event "Hastings Masters 2025-26"]
[Site "Hastings ENG"]
[Date "2025.12.29"]
[Round "3.17"]
[White "Rastogi, Nayan Keats"]
[Black "Burrows, Martin P"]
[Result "1/2-1/2"]
[WhiteElo "1939"]
[BlackElo "2117"]
[WhiteFideId "343407579"]
[BlackFideId "409057"]
[EventDate "2025.12.28"]

1. e4 c5 2. Nf3 d6 3. Bb5+ Nd7 4. d4 cxd4 5. Qxd4 e5 6. Qd3 h6 7. Be3 Nf6 8. Bc4
Be7 9. O-O Qc7 10. Nc3 a6 11. Bd5 O-O 12. Nh4 Nc5 13. Bxc5 Qxc5 14. Ng6 Re8 15.
Nxe7+ Rxe7 16. Rfd1 Be6 17. Bxe6 Rxe6 18. Nd5 Rc8 19. c3 Nxd5 20. Qxd5 Qb6 21.
Qb3 Qc6 22. Qd5 1/2-1/2

[Event "Hastings Masters 2025-26"]
[Site "Hastings ENG"]
[Date "2025.12.29"]
[Round "3.18"]
[White "Brown, Thomas"]
[Black "Gorskovs, Andrejs"]
[Result "1-0"]
[WhiteElo "2082"]
[BlackElo "1920"]
[WhiteFideId "1801430"]
[BlackFideId "343426751"]
[EventDate "2025.12.28"]

1. d4 Nf6 2. c4 e6 3. Nc3 Bb4 4. a3 Bxc3+ 5. bxc3 b6 6. f3 Nc6 7. e4 Na5 8. e5
Ng8 9. f4 Ba6 10. Nf3 c5 11. d5 Ne7 12. Ng5 h6 13. Ne4 O-O 14. Nd6 Nc8 15. Nb5
exd5 16. cxd5 d6 17. Be2 Bb7 18. c4 dxe5 19. O-O a6 20. Nc3 exf4 21. Rxf4 Ne7
22. Bd3 b5 23. Rg4 f5 24. Rg3 f4 25. Rxg7+ Kxg7 26. Qg4+ Kf7 27. Qe6+ Kg7 28.
Bb2 Rf7 29. Nxb5+ Kg8 30. Nd6 Qf8 31. Nxf7 Qxf7 32. Qxh6 1-0

[Event "Hastings Masters 2025-26"]
[Site "Hastings ENG"]
[Date "2025.12.29"]
[Round "3.19"]
[White "Rubeck, Jonathan"]
[Black "Patel, Zain"]
[Result "0-1"]
[WhiteElo "1913"]
[BlackElo "2058"]
[WhiteFideId "435678"]
[BlackFideId "469246"]
[EventDate "2025.12.28"]

1. e4 e5 2. Nc3 Nf6 3. f4 d5 4. fxe5 Nxe4 5. Nf3 Bc5 6. d4 Bb4 7. Bd2 c5 8. a3
Bxc3 9. bxc3 Nc6 10. Bd3 O-O 11. O-O Bg4 12. Qe1 Nxd2 13. Qxd2 cxd4 14. cxd4
Bxf3 15. Rxf3 Qb6 16. Kh1 Qxd4 17. Re1 h6 18. Rf4 Qb6 19. Rg4 Ne7 20. e6 Kh8 21.
Rh4 Ng8 22. Bf5 fxe6 23. Bxe6 Qxe6 24. Rd4 Rae8 25. Rb1 Nf6 26. h3 Ne4 27. Qb4
Ng3+ 28. Kh2 Qe5 29. Rg4 Nf1+ 0-1

[Event "Hastings Masters 2025-26"]
[Site "Hastings ENG"]
[Date "2025.12.29"]
[Round "3.20"]
[White "Janse, Jan Jaap"]
[Black "Siddharth, Gopakumar"]
[Result "1/2-1/2"]
[WhiteElo "2170"]
[BlackElo "1864"]
[WhiteFideId "1010344"]
[BlackFideId "5053463"]
[EventDate "2025.12.28"]

1. Nf3 d5 2. e3 c5 3. c4 e6 4. cxd5 exd5 5. d4 Nf6 6. Nc3 Nc6 7. b3 cxd4 8. Nxd4
Bb4 9. Bd2 Nxd4 10. exd4 O-O 11. Be2 Bf5 12. O-O Rc8 13. Nb5 Bxd2 14. Qxd2 a6
15. Nc3 Ne4 16. Nxe4 Bxe4 17. Rac1 Qd7 18. Qb4 Rc6 19. Rfd1 Rg6 20. g3 Rh6 21.
Bf1 Qg4 22. Qc3 Qh5 23. h3 Qg4 24. Re1 Rxh3 25. Rxe4 dxe4 26. Bxh3 Qxh3 27. d5
Re8 28. Qc7 e3 29. fxe3 h5 30. Qf4 h4 31. Qxh4 Qxh4 32. gxh4 Rxe3 33. Rc8+ Kh7
34. Rc7 Rd3 35. Rxf7 Rxd5 36. Rxb7 Rd1+ 37. Kg2 Rd2+ 1/2-1/2

[Event "Hastings Masters 2025-26"]
[Site "Hastings ENG"]
[Date "2025.12.29"]
[Round "3.21"]
[White "Rida, Ruqayyah"]
[Black "Saxena, Reyansh"]
[Result "1-0"]
[WhiteTitle "WFM"]
[WhiteElo "2068"]
[BlackElo "1641"]
[WhiteFideId "343272375"]
[BlackFideId "343423884"]
[EventDate "2025.12.28"]

1. e4 e6 2. d4 d5 3. Nd2 c5 4. exd5 exd5 5. Ngf3 Nf6 6. Bb5+ Nc6 7. O-O Bd7 8.
Re1+ Be7 9. dxc5 O-O 10. Nb3 Na5 11. Bxd7 Nxb3 12. axb3 Qxd7 13. Bg5 Bxc5 14.
Bxf6 gxf6 15. Qd3 Kh8 16. Ra4 Rg8 17. Rh4 Rg7 18. Nd4 Re8 19. Re2 f5 20. g3 Re4
21. Nf3 Qe6 22. Rd2 Be7 23. Rh3 f4 24. Qxd5 fxg3 25. Rxg3 Rxg3+ 26. hxg3 Qxd5
27. Rxd5 Re2 28. Rd2 Rxd2 29. Nxd2 Kg7 30. Kf1 f5 31. Ke2 h5 32. Nc4 b5 33. Ne3
Kg6 34. Nd5 Bd8 35. c4 Bb6 36. Nf4+ Kg5 37. c5 Bxc5 38. Ne6+ Kg4 39. Nxc5 f4 40.
Ne4 fxg3 41. fxg3 h4 42. gxh4 Kxh4 43. b4 Kg4 44. Kd3 Kf3 45. Nc3 a6 46. Nd5 Kg4
47. Kd4 Kf5 48. Nc7 1-0

[Event "Hastings Masters 2025-26"]
[Site "Hastings ENG"]
[Date "2025.12.29"]
[Round "3.22"]
[White "Gormally, Daniel W"]
[Black "Yoon, Jacob D"]
[Result "1-0"]
[WhiteTitle "GM"]
[BlackTitle "CM"]
[WhiteElo "2396"]
[BlackElo "2165"]
[WhiteFideId "406465"]
[BlackFideId "446076"]
[EventDate "2025.12.28"]

1. d4 Nf6 2. Nf3 e6 3. c4 b6 4. g3 Ba6 5. b3 Bb4+ 6. Bd2 Be7 7. Bg2 O-O 8. O-O
Bb7 9. Nc3 d5 10. cxd5 exd5 11. Rc1 Nbd7 12. Bf4 Re8 13. Nb5 c5 14. Nc7 Nf8 15.
dxc5 bxc5 16. Nxe8 Qxe8 17. Bg5 Ne6 18. Bxf6 Bxf6 19. Ne1 Rd8 20. Nd3 Qb5 21.
Nf4 Nxf4 22. gxf4 Qb4 23. e3 Ba6 24. Re1 Bc3 25. Bxd5 Bxe1 26. Bxf7+ Kxf7 27.
Qxd8 Qe4 28. Qd7+ Kg8 29. Rxe1 Qg6+ 30. Kh1 Qe4+ 31. f3 Qxf3+ 32. Kg1 Qe4 33.
Qd8+ Kf7 34. Qc7+ Kg8 35. Qe5 Qg6+ 36. Qg5 Qe4 37. Qg2 Qe8 38. Qd5+ Kh8 39. f5
h6 40. Qe6 Qb5 41. Rd1 Qa5 42. Qe8+ Kh7 43. Qg6+ Kh8 44. f6 1-0

[Event "Hastings Masters 2025-26"]
[Site "Hastings ENG"]
[Date "2025.12.29"]
[Round "3.23"]
[White "Adams, Henry"]
[Black "Mazur, Stefan"]
[Result "0-1"]
[BlackTitle "IM"]
[WhiteElo "2159"]
[BlackElo "2392"]
[WhiteFideId "464562"]
[BlackFideId "14909332"]
[EventDate "2025.12.28"]

1. d4 d5 2. c4 e5 3. dxe5 Ne7 4. cxd5 Qxd5 5. Qxd5 Nxd5 6. a3 Nc6 7. Nf3 Bg4 8.
e4 Nde7 9. Be3 O-O-O 10. Nbd2 Ng6 11. Be2 Ngxe5 12. O-O a5 13. h3 Bxf3 14. Nxf3
Nxf3+ 15. Bxf3 Be7 16. Rfc1 Bf6 17. Rab1 Bd4 18. Bf4 Rhe8 19. b4 axb4 20. axb4
Bb6 21. Kf1 Nd4 22. Rc4 Nxf3 23. gxf3 Rd4 24. Rbc1 Rxc4 25. Rxc4 Kd7 26. Bd2 Ra8
27. Rc3 Ra2 28. Ke2 c5 29. bxc5 Ba5 30. c6+ bxc6 31. Rd3+ Ke6 32. f4 g6 33. h4
h5 34. Ke3 Bxd2+ 35. Rxd2 Rxd2 36. Kxd2 Kd6 37. Kc3 Kc5 38. f3 Kb5 39. Kb3 c5
40. Kc3 c4 41. Kc2 Kb4 42. Kb2 c3+ 43. Kc2 Kc4 44. f5 gxf5 45. exf5 f6 0-1

[Event "Hastings Masters 2025-26"]
[Site "Hastings ENG"]
[Date "2025.12.29"]
[Round "3.24"]
[White "Golding, Alex"]
[Black "Verbin, Valentina"]
[Result "1-0"]
[WhiteTitle "IM"]
[BlackTitle "WFM"]
[WhiteElo "2370"]
[BlackElo "2122"]
[WhiteFideId "427241"]
[BlackFideId "13905910"]
[EventDate "2025.12.28"]

1. e4 e6 2. d3 d5 3. Nd2 Nf6 4. Ngf3 Be7 5. g3 c5 6. Bg2 Nc6 7. O-O h6 8. Re1
O-O 9. a4 Rb8 10. c3 a6 11. e5 Nh7 12. h4 f5 13. exf6 Bxf6 14. Nb3 Qd6 15. d4
cxd4 16. cxd4 g5 17. hxg5 hxg5 18. Be3 Bd7 19. Nc5 Be8 20. Nxg5 Nxg5 21. Qg4 Bg6
22. Bxg5 Bxd4 23. Be3 Ne5 24. Qxd4 b6 25. Nxe6 1-0

[Event "Hastings Masters 2025-26"]
[Site "Hastings ENG"]
[Date "2025.12.29"]
[Round "3.25"]
[White "Hill, Alistair"]
[Black "Skytte, Rasmus"]
[Result "1/2-1/2"]
[BlackTitle "IM"]
[WhiteElo "2104"]
[BlackElo "2354"]
[WhiteFideId "432407"]
[BlackFideId "1404210"]
[EventDate "2025.12.28"]

1. Nf3 d5 2. g3 c5 3. Bg2 g6 4. c4 dxc4 5. Na3 Bg7 6. O-O Nh6 7. Nxc4 Nf5 8. d3
Nc6 9. Bf4 O-O 10. Rc1 Be6 11. Nfe5 Nxe5 12. Bxe5 Bxe5 13. Nxe5 Qd4 14. Nc4 Bxc4
15. Rxc4 Qxb2 16. Qc2 Qa3 17. Rb1 Nd4 18. Qb2 Qa5 19. e3 Ne6 20. Bd5 Rad8 21.
Qe5 b5 22. Rc2 Nc7 23. Rxc5 Nxd5 24. Rxd5 1/2-1/2

[Event "Hastings Masters 2025-26"]
[Site "Hastings ENG"]
[Date "2025.12.29"]
[Round "3.26"]
[White "ONUOHA, Obioma"]
[Black "Badacsonyi, Stanley"]
[Result "0-1"]
[BlackTitle "FM"]
[WhiteElo "2056"]
[BlackElo "2317"]
[WhiteFideId "8505837"]
[BlackFideId "486973"]
[EventDate "2025.12.28"]

1. e4 e6 2. d4 d5 3. exd5 exd5 4. Bd3 Bd6 5. h3 Ne7 6. Nf3 Nbc6 7. c3 h6 8. Qc2
Be6 9. a4 O-O 10. a5 a6 11. Nbd2 Ng6 12. Nb3 Qf6 13. Be3 Nf4 14. Bxf4 Qxf4 15.
Nc5 Bxc5 16. dxc5 Rfe8 17. Kf1 d4 18. Nxd4 Nxd4 19. cxd4 Rad8 20. Rd1 Rxd4 21.
Be2 Bd5 22. Rxd4 Qxd4 23. Bf3 Qb4 24. Qc3 Qxc3 25. bxc3 Bxf3 26. gxf3 Re5 27.
Kg2 Rg5+ 28. Kh2 Rxc5 29. Rb1 Rb5 30. Rxb5 axb5 31. Kg3 f6 32. Kf4 Kf7 33. Ke4
Ke6 34. f4 f5+ 35. Kd4 Kd6 36. h4 c5+ 37. Kd3 h5 38. f3 Kd5 39. c4+ bxc4+ 40.
Kc3 g6 41. Kc2 Kc6 42. Kd2 Kb5 43. Kc3 Kxa5 44. Kxc4 b5+ 45. Kxc5 b4 46. Kd5 b3
47. Ke5 b2 48. Kf6 b1=Q 49. Kxg6 Qd3 50. Kxh5 Qxf3+ 0-1

[Event "Hastings Masters 2025-26"]
[Site "Hastings ENG"]
[Date "2025.12.29"]
[Round "3.27"]
[White "Varney, Zoe"]
[Black "Kalavannan, Koby"]
[Result "0-1"]
[WhiteTitle "WFM"]
[BlackTitle "FM"]
[WhiteElo "2053"]
[BlackElo "2275"]
[WhiteFideId "436135"]
[BlackFideId "425753"]
[EventDate "2025.12.28"]

1. e4 c5 2. Nf3 Nc6 3. d4 cxd4 4. Nxd4 g6 5. Nc3 Bg7 6. Be3 Nf6 7. Bc4 O-O 8.
Bb3 Re8 9. h3 b5 10. Nxc6 dxc6 11. e5 Nd7 12. e6 fxe6 13. Bxe6+ Kh8 14. Qd2 Ne5
15. Bb3 a5 16. a3 Bf5 17. Qe2 a4 18. Ba2 b4 19. axb4 a3 20. Rd1 Qb8 21. bxa3
Rxa3 22. Bb3 Qxb4 23. Bd2 Rxb3 24. Nb1 Qd6 25. Bg5 Nd3+ 26. cxd3 Rxb1 27. Rxb1
Bxd3 28. Qa2 Bc3+ 29. Bd2 Bxd2+ 30. Qxd2 Qe5+ 31. Kd1 Bxb1 0-1

[Event "Hastings Masters 2025-26"]
[Site "Hastings ENG"]
[Date "2025.12.29"]
[Round "3.28"]
[White "Balaji, Aaravamudhan"]
[Black "White, Stuart A"]
[Result "1-0"]
[WhiteTitle "IM"]
[WhiteElo "2270"]
[BlackElo "2072"]
[WhiteFideId "436224"]
[BlackFideId "407747"]
[EventDate "2025.12.28"]

1. d4 d5 2. c4 c6 3. cxd5 cxd5 4. Bf4 Nc6 5. e3 Nf6 6. Nc3 a6 7. Bd3 Bg4 8. Nge2
e6 9. Qb3 Bxe2 10. Bxe2 Na5 11. Qc2 Rc8 12. O-O Bd6 13. Bg5 O-O 14. Rfc1 b5 15.
Qd1 Be7 16. Qd3 Nc4 17. Rc2 Qa5 18. Nd1 Rc7 19. Bf4 Bd6 20. Bxd6 Nxd6 21. Rxc7
Qxc7 22. a4 Rc8 23. axb5 axb5 24. Ra6 Nc4 25. g3 g6 26. Qb3 Rb8 27. Qc2 Qb7 28.
Ra1 Rc8 29. Qb3 b4 30. Qd3 Ne4 31. Bf3 Ned6 32. b3 Na3 33. Nb2 Qc6 34. Na4 Qc2
35. Qa6 Qxb3 36. Bd1 Nc2 37. Qxd6 Qd3 38. Bxc2 Rxc2 39. Qxb4 1-0

[Event "Hastings Masters 2025-26"]
[Site "Hastings ENG"]
[Date "2025.12.29"]
[Round "3.29"]
[White "Hobson, Kenneth"]
[Black "Bharat Kumar, Balahari"]
[Result "1-0"]
[WhiteTitle "FM"]
[WhiteElo "2264"]
[BlackElo "2068"]
[WhiteFideId "480819"]
[BlackFideId "496464"]
[EventDate "2025.12.28"]

1. e4 g6 2. d4 Bg7 3. Nc3 d6 4. Nf3 a6 5. a4 b6 6. Bc4 e6 7. Qe2 Bb7 8. O-O Nd7
9. Bg5 Ne7 10. Rad1 h6 11. Bh4 O-O 12. Bg3 Re8 13. h4 d5 14. Ba2 dxe4 15. Nxe4
Nf5 16. Ne5 Bxe4 17. Qxe4 Nxg3 18. fxg3 Nxe5 19. dxe5 Qe7 20. Rde1 h5 21. Kh2
Rad8 22. Bc4 a5 23. Rf4 Qc5 24. g4 Bh6 25. g5 Bg7 26. Kh3 Re7 27. c3 Red7 28. g3
Rd1 29. Rxd1 Rxd1 30. Qa8+ Kh7 31. Qf3 Rd7 32. Bb5 Rd2 33. Rxf7 Qg1 34. Rxg7+
Kxg7 35. Qf6+ Kh7 36. Qf7+ Kh8 37. Qf8+ Kh7 38. Qh6+ Kg8 39. Qxg6+ Kf8 40. Qf6+
Kg8 41. Qxe6+ Kg7 42. Qf6+ Kh7 43. Qh6+ 1-0

[Event "Hastings Masters 2025-26"]
[Site "Hastings ENG"]
[Date "2025.12.29"]
[Round "3.30"]
[White "Martin, Nils"]
[Black "Skytte, Robert"]
[Result "1-0"]
[WhiteTitle "FM"]
[BlackTitle "CM"]
[WhiteElo "2222"]
[BlackElo "2050"]
[WhiteFideId "45160473"]
[BlackFideId "1471775"]
[EventDate "2025.12.28"]

1. e4 c5 2. Nf3 Nc6 3. d4 cxd4 4. Nxd4 g6 5. c4 Bg7 6. Be3 Nf6 7. Nc3 O-O 8. Be2
b6 9. f4 e5 10. Ndb5 Ne8 11. f5 a6 12. Nd6 Nxd6 13. Qxd6 Nd4 14. O-O Re8 15.
fxg6 hxg6 16. Qd5 Ra7 17. Qxf7+ Kh7 18. Bxd4 exd4 19. Rf3 d5 20. Qxa7 Re7 21.
Qa8 dxc3 22. bxc3 dxe4 23. Rh3+ Kg8 24. Bg4 Re8 25. Rd1 Qg5 26. Be6+ Kf8 27.
Rf1+ Ke7 28. Bxc8 Qc5+ 29. Kh1 Qxc8 30. Qa7+ 1-0

[Event "Hastings Masters 2025-26"]
[Site "Hastings ENG"]
[Date "2025.12.29"]
[Round "3.31"]
[White "Herzwurm, Robert"]
[Black "Ratcliffe, James"]
[Result "1-0"]
[WhiteElo "2047"]
[BlackElo "1845"]
[WhiteFideId "4668570"]
[BlackFideId "343432840"]
[EventDate "2025.12.28"]

1. e4 c5 2. Nc3 Nc6 3. f4 g6 4. Nf3 Bg7 5. Bb5 Nd4 6. O-O a6 7. Bd3 Nh6 8. Nxd4
Bxd4+ 9. Kh1 d6 10. Ne2 Bg7 11. Ng3 O-O 12. a4 b6 13. c3 Bb7 14. Qe2 e6 15. Rf3
d5 16. Bc2 Qd7 17. d3 f5 18. e5 d4 19. Rf1 Nf7 20. c4 h5 21. Kg1 Nd8 22. Bd1 h4
23. Nh1 h3 24. gxh3 Kf7 25. Qf2 Rh8 26. Qg3 Nc6 27. Kf2 Rh7 28. Rg1 Ne7 29. Ke1
Bxh1 30. Rxh1 Rah8 31. h4 Rxh4 32. h3 R8h6 33. Bf3 b5 34. axb5 axb5 35. b3 Nc6
36. Bd2 bxc4 37. bxc4 Nb4 38. Bxb4 cxb4 39. Ra5 Bf8 40. Rb5 Be7 41. Rb7 Qa4 42.
Qg5 Qe8 43. Qf6+ Kg8 44. Rxe7 Qf8 45. Qxe6+ Kh8 46. Re8 Qxe8 47. Qxe8+ Kg7 48.
e6 1-0

[Event "Hastings Masters 2025-26"]
[Site "Hastings ENG"]
[Date "2025.12.29"]
[Round "3.32"]
[White "Liu, Yiyi"]
[Black "Balzer, Lars"]
[Result "1-0"]
[WhiteElo "1791"]
[BlackElo "2026"]
[WhiteFideId "8617171"]
[BlackFideId "4646452"]
[EventDate "2025.12.28"]

1. d4 g6 2. c4 Bg7 3. e4 d6 4. Nc3 Nd7 5. h4 Ngf6 6. f4 e5 7. fxe5 dxe5 8. d5
Nc5 9. Qc2 a5 10. Be2 Bg4 11. Be3 Qe7 12. O-O-O Bxe2 13. Ngxe2 Ng4 14. Bg1 Bh6+
15. Kb1 Ne3 16. Bxe3 Bxe3 17. d6 Qf8 18. Nd5 Qh6 19. Nxc7+ Kd7 20. Nxa8 Rxa8 21.
Nc3 Ra6 22. Rhf1 Rxd6 23. Rxd6+ Kxd6 24. Qd1+ Ke7 25. Qf3 Kd6 1-0

[Event "Hastings Masters 2025-26"]
[Site "Hastings ENG"]
[Date "2025.12.29"]
[Round "3.33"]
[White "Woods, Yannick"]
[Black "Pai, Sidhanth"]
[Result "1-0"]
[WhiteElo "2023"]
[BlackElo "1842"]
[WhiteFideId "2518384"]
[BlackFideId "343111937"]
[EventDate "2025.12.28"]

1. d4 Nf6 2. c4 e6 3. Nf3 d5 4. Nc3 Be7 5. Bf4 O-O 6. e3 Nbd7 7. c5 c6 8. h3 b6
9. b4 a5 10. a3 Ba6 11. Bxa6 Rxa6 12. O-O Qc8 13. Qb1 bxc5 14. bxc5 Bd8 15. Qd3
Ra8 16. Rfb1 Bc7 17. Na4 Rb8 18. Rxb8 Qxb8 19. Rb1 Qa7 20. Bxc7 Qxc7 21. Qa6 Rb8
22. Rxb8+ Nxb8 23. Qa8 Nd7 24. Nb6 Nf8 25. Qxa5 f6 26. Qa8 Kf7 27. a4 Nbd7 28.
a5 e5 29. Nc8 e4 30. Nh4 g6 31. g3 Nb8 32. Nd6+ Kg8 33. a6 f5 34. a7 Na6 35.
Qxf8+ Kxf8 36. a8=Q+ Nb8 37. Ng2 Ke7 38. Ne1 h5 39. Ng2 Kf8 40. Nf4 Ke7 41.
Nxg6+ 1-0